Manual on the use of thermocouples in temperature measurement /
Guardado en:
| Autores Corporativos: | , |
|---|---|
| Formato: | Libro |
| Idioma: | English |
| Publicado: |
Philadelphia, Pa. (1916 Race St., Philadelphia 19103) :
ASTM,
c1981.
|
| Edición: | [3rd ed.]. |
| Series: | ASTM special technical publication ;
470B |
| Materias: | |
| Etiquetas: |
Agregar Etiqueta
Sin Etiquetas, Sea el primero en etiquetar este registro!
|
| LEADER | 01168cam a22002535a 4500 | ||
|---|---|---|---|
| 001 | EIQ.libpla003838 | ||
| 008 | 820119s1981####paua#####bf###001#0#eng#d | ||
| 005 | 20080328174359.0 | ||
| 245 | 0 | 0 | |a Manual on the use of thermocouples in temperature measurement / |c sponsored by ASTM Committee E-20 on Temperature Measurement and Subcommittee E20.04 on Thermocouples, American Society for Testing and Materials. |
| 250 | |a [3rd ed.]. | ||
| 260 | |a Philadelphia, Pa. (1916 Race St., Philadelphia 19103) : |b ASTM, |c c1981. | ||
| 300 | |a 258 p. : |b il. ; |c 24 cm. | ||
| 440 | 0 | |a ASTM special technical publication ; |v 470B | |
| 500 | |a "ASTM publication code number (PCN) 04-470020-40." | ||
| 504 | |a Incluye referencias bibliográficas e índice. | ||
| 020 | |a 0803105029 | ||
| 710 | 2 | |a ASTM Committee E-20 on Temperature Measurement. | |
| 710 | 2 | |a ASTM Committee E-20 on Temperature Measurement. |b Subcommittee E20.04 on Thermocouples. | |
| 082 | 0 | 0 | |a 536/.52 |2 19 |
| 650 | 4 | |a Termocuplas |x Handbooks, manuales, etc. | |
| 650 | 0 | |a Thermocouples |x Handbooks, manuals, etc. | |
| 010 | |a 80069066 | ||
| 040 | |a DLC |c DLC |d AR-BbSID | ||
| 859 | |a AR-BbSID |b BIB. PLAPIQUI |h 620.004 4 |i M 319 |p 3969 | ||
